Szczegóły MARC21

Budżetowanie działalności jednostek gospodarczych - teoria i praktyka : materiały konferencyjne /

005 -DATA I CZAS OSTATNIEJ MODYFIKACJI [,]
    • @
    • pole kontrolne
    • 20070315155141.9
020 -Międzynarod. znormalizowany nr książki - ISBN [ , ]
    • a
    • Numer ISBN
    • 8390238462 Find
040 -Instytucja sporządzająca opis [ , ]
    • a
    • Instytucja, która sporządziła opis (NP)
    • SZCZ U
    • c
    • Instytucja, która sporządziła rekord (NP)
    • SZCZ U
942 -Rodzaj dokumentu [ , ]
    • c
    • Rodzaj dokumentu
    • Książka
245 -Strefa tytułu i oznaczenia odpowiedzialności [0, ]
    • a
    • Tytuł
    • Budżetowanie działalności jednostek gospodarczych - teoria i praktyka : Find
    • b
    • Ciąg dalszy tytułu (NP)
    • materiały konferencyjne / Find
    • c
    • Pozostałe elementy strefy tytułu i oznaczenia odpowiedzialności (NP)
    • pod red. Wiktora Krawczyka ; Komitet Nauk Organizacji i Zarządzania Pol.Akad.Nauk, Katedra Zarządzania Finansami Wydz.Zarządzania AGH.
260 -Strefa adresu wydawniczego [ , ]
    • a
    • Miejsce wydania (P)
    • Kraków ; Zakopane :
    • b
    • Nazwa wydawcy (P)
    • Wydz.Zarządzania AGH w Krakowie,
    • c
    • Data wydania (P)
    • 2000.
300 -Strefa opisu fizycznego [ , ]
    • a
    • Określenie formy książki i/lub objętość (NP)
    • 326 s. :
    • b
    • Oznaczenie ilustracji (NP)
    • rys. :
    • c
    • Format (NP)
    • 24 cm.
500 -Uwaga ogólna [ , ]
    • a
    • Uwaga ogólna (NP)
    • Jeden art. w jęz. czes. - Bibliogr
080 -Uniwersalna Klasyfikacja Dziesiętna [ , ]
    • a
    • Symbol klasyfikacji
    • 658.14/.17.012.2(438)"1989/..."(061)
080 -Uniwersalna Klasyfikacja Dziesiętna [ , ]
    • a
    • Symbol klasyfikacji
    • :658.2.012.2(438)"1989/..."(061)
080 -Uniwersalna Klasyfikacja Dziesiętna [ , ]
    • a
    • Symbol klasyfikacji
    • :519.86(438)"1989/..."(061)
980 -Symbol UKD [ , ]
    • a
    • UKD
    • 658.14/.17.012.2:658.2.012.2:519.86](438)"1989/..."(061)
700 -Hasło dodatkowe - nazwa osobowa [ , ]
    • a
    • Nazwa osobowa (NP)
    • Krawczyk Wiktor Find
920 -ISBN [ , ]
    • a
    • ISBN
    • 83-902384-6-2 Find
Numer inwentarzowy Status udost. Lokalizacja Data inwentaryzacji
S.88414-3BE2001-10-23